000 00408nam a2200169Ia 4500
008 220531s9999 xx 000 0 und d
041 _aeng
082 _bADV / KAR
100 _aKarnavat, C. R.
_931043
245 _aAdvanced Accountancy.
250 _a1ST
260 _bNarendra
_c1991
542 _d31-03-1991
650 _aAccountancy
_931044
906 _d2009-2010
_d2014-2015
999 _c19490
_d19490